BoyWithUke - Long Drives - Statistics

General Stats
  • This quiz has been taken 76 times
  • The average score is 320 of 408
Answer Stats
Lyrics % Correct
a
100%
I
100%
in
100%
back
98%
do
98%
drive
98%
long
98%
the
98%
The
98%
can't
96%
drives
96%
sea
96%
seat
96%
these
96%
These
96%
sitting
94%
You
94%
you
94%
'bout
92%
on
92%
think
92%
that
90%
Thinking
90%
thinking
90%
fire
88%
one
88%
me
87%
night
87%
your
87%
be
85%
to
85%
when
85%
all
83%
And
83%
and
83%
world
83%
Yeah
83%
called
81%
eyes
81%
liar
81%
so
81%
caught
79%
I'm
79%
of
79%
fine
77%
go
77%
just
77%
Just
77%
up
77%
Baby
75%
baby
75%
dark
75%
don't
75%
fall
75%
falling
75%
is
75%
life
75%
my
75%
My
75%
out
75%
this
75%
would
75%
lie
73%
told
73%
'Cause
71%
from
71%
heartbreak
71%
missing
71%
pain
71%
scene
71%
We
71%
white
71%
by
69%
face
69%
realized
69%
place
67%
same
67%
want
67%
was
67%
about
65%
Feeling
65%
friends
65%
having
65%
rotten
65%
take
65%
what
65%
migraines
63%
not
63%
over
63%
said
63%
that's
63%
with
63%
FaceTime
62%
for
62%
inside
62%
sign?
62%
hardest
60%
hit
60%
I'll
60%
Please
60%
see
60%
their
60%
try
60%
away
58%
brightened
58%
dreams
58%
show
58%
straight
58%
whole
58%
afraid
56%
fell
56%
kinda
56%
light
56%
make
56%
roses
56%
were
56%
been
54%
believe
54%
But
54%
day
54%
guess
54%
died
52%
know
52%
ocean
52%
Thought
52%
truth
52%
above
50%
fact
50%
far
50%
hate
50%
into
50%
I've
50%
okay
50%
seas
50%
Why
50%
seven
48%
stars
48%
damn
46%
dismal
46%
drowning
46%
meant
46%
set
46%
sun
46%
weren't
46%
will
46%
will
44%
wish
44%
green
42%
turn
42%
You're
42%
Hey
40%
might
40%
shining
40%
swear
40%
sights
38%
as
37%
come
37%
growing
37%
strange
37%
tides
37%
off
33%
flames
19%
No matching quizzes found
Score Distribution
Percent of People with Each Score
Percentile by Number Answered
Your Score History
You have not taken this quiz